Análisis de la influencia de la cobertura vegetal en el comportamiento hidrológico de un techo verde extensivo.
Spremljeno u:
| Glavni autor: | |
|---|---|
| Daljnji autori: | |
| Format: | Knjiga |
| Jezik: | Spanish |
| Izdano: |
[San José ], Costa Rica
2019
|
| Teme: | |
| Oznake: |
Dodaj oznaku
Bez oznaka, Budi prvi tko označuje ovaj zapis!
|
MARC
| LEADER | 00000nam a22000007a 4500 | ||
|---|---|---|---|
| 003 | 013000 | ||
| 005 | 20230524110850.0 | ||
| 008 | 190304b2019 c a|||| ||m| 00| ||spa d | ||
| 040 | |c cru CEDI | ||
| 100 | |9 553 |a Camacho Coto, Marlon Fabián,1993- | ||
| 245 | |a Análisis de la influencia de la cobertura vegetal en el comportamiento hidrológico de un techo verde extensivo. | ||
| 260 | |a [San José ], Costa Rica |c 2019 | ||
| 300 | |a xxii, 95, [24]hojas ; ilustraciones a color | ||
| 500 | |a Proyecto de graduación (licenciatura en ingeniería civil)--Universidad de Costa Rica. Facultad de Ingeniería. Escuela de Ingeniería Civil | ||
| 501 | |a Director de Proyecto de Graduación: Ing. Alberto Serrano Pacheco, PhD. | ||
| 650 | |x TECHOS - CONSTRUCCION |x CLIMATOLOGIA |x AGUAS PLUVIALES |x HIDROLOGIA |x HUMEDAD | ||
| 700 | |9 58 |a Serrano Pacheco, Alberto, 1976- |d Director del TFG | ||
| 942 | |c CEDI |h TFG 8150 |6 TFG_8150_000000000000000 | ||
| 999 | |c 21639 |d 21639 | ||
